| 000 | 01133nam a22002411a 4500 | ||
|---|---|---|---|
| 999 |
_c12147 _d12147 |
||
| 001 | 12147 | ||
| 003 | OSt | ||
| 005 | 20260204212314.0 | ||
| 008 | 150310s2014||||dr ||||||b||||||||||spa|| | ||
| 090 | _aMER 2014 M37 | ||
| 100 |
_aLanfranco Mercedes, Yulissa _esustentante |
||
| 245 | 1 | _aDemanda de la formación profesional y posicionamiento del ITECO en los estudiantes del nivel medio, distrito educativo 16-01 de Cotuí / Yulissa Lanfranco Mercedes, Soralis Jerez García y Edwin Rafael Rivas ; asesor Jaime Arismendi Acosta Padilla | |
| 260 |
_aCotuí, República Dominicana : _bUTECO, _c2014 |
||
| 300 |
_a96 hojas : _bFotos ; _c28cm. |
||
| 502 | _aTrabajo de grado (Licenciatura en Mercadeo) --Universidad Tecnológica del Cibao Oriental, 2014 | ||
| 504 | _aIncluye referencia bibliográfica e índice | ||
| 650 | 4 | _aFormación profesional - ITECO | |
| 700 | 1 |
_aJerez García, Soralis _esustentante |
|
| 700 | 1 |
_aRivas, Edwin Rafael _esustentante |
|
| 700 | 1 |
_aAcosta Padilla, Jaime Arismendi _easesor |
|
| 830 | _aTesis y disertaciones académicas (Universidad Tecnológica del Cibao Oriental) | ||
| 942 |
_2LC _cTH |
||